000 00617nam a2200241Ia 4500
003 OSt
005 20220924152553.0
006 a|||||r|||| 00| 0
007 ta
008 220923b |||||||| |||| 00| 0 guj d
024 _a343182
037 _cTextual
040 _aARTS
_cARTS
_bguj
041 _2guj
_aguj
082 _aO,1:g, 156K2
100 _aTrivedi
_9209680
245 0 _aSahitya mimansa
260 _c1962
650 _aLITERATURE - HISTORY AND CRITICISM
_914970
700 _a Parikh
_9227023
942 _hO,1:g, 156K2
_cTEXL
_2CC
999 _c470293
_d470293